| 000 | 00423nam a22001697a 4500 | ||
|---|---|---|---|
| 005 | 20230117111515.0 | ||
| 008 | 220215b ||||| |||| 00| 0 eng d | ||
| 020 | _a9789331322982 | ||
| 041 | _aeng | ||
| 082 |
_a954.092 _bSRI-A |
||
| 100 |
_aSRIVASTAVA ,DR KAMAL , S _97145 |
||
| 245 | _aANNIE BESANT | ||
| 260 |
_aNEW DELHI _bA. P. H PUBLICATION |
||
| 300 | _a83; P. | ||
| 650 |
_aPHARMACY _xB.PHARMA _97083 |
||
| 942 | _cBK | ||
| 999 |
_c7959 _d7957 |
||